[Event "Maria Teresa Mora Memorial IM2"]
[Site "Havana"]
[Date "2010.03.09"]
[Round "5"]
[White "Miranda Rodriguez, Tania"]
[Black "Alvarez Morales, Dayana Giselle"]
[Result "0-1"]
[WhiteElo "2122"]
[BlackElo "2025"]
[PlyCount "55"]
[EventDate "2010.03.05"]
[EventType "tourn"]
[EventRounds "13"]
[EventCountry "CUB"]
[SourceTitle "EXT 2019"]
[Source "ChessBase"]
[SourceDate "2018.10.10"]
[SourceVersion "1"]
[SourceVersionDate "2018.10.10"]
[SourceQuality "1"]

1. Nf3 d5 2. g3 c5 3. Bg2 Nf6 4. 0-0 e6 5. d3 Bd6 6. Nbd2 Nc6 7. e4 0-0 8. Re1 Qc7 9. Qe2 e5 10. exd5 Nxd5 11. c3 Bg4 12. Nc4 Rfe8 13. Bg5 h6 14. Qe4 Be6 15. Nxd6 Qxd6 16. Be3 f5 17. Qh4 Nxe3 18. Rxe3 f4 19. gxf4 exf4 20. Re4 Qxd3 21. Qxf4 Bd5 22. Ne1 Rxe4 23. Nxd3 Rxf4 24. Bxd5+ Rf7 25. Ne5 Nxe5 26. Kg2 Rd8 27. Rd1 Kh8 28. c4 0-1

[Event "Havana-ch phase1 (Women)"]
[Site "Havana"]
[Date "2009.10.12"]
[Round "7"]
[White "Alvarez Morales, Dayana Giselle"]
[Black "Castillo Coca, Mairebys"]
[Result "0-1"]
[WhiteElo "2015"]
[BlackElo "2088"]
[PlyCount "88"]
[EventDate "2009.10.03"]
[EventType "tourn"]
[EventRounds "11"]
[EventCountry "CUB"]
[EventCategory "1"]
[SourceTitle "EXT 2012"]
[Source "ChessBase"]
[SourceDate "2011.11.24"]
[SourceVersion "1"]
[SourceVersionDate "2011.11.24"]
[SourceQuality "1"]

1. e4 c5 2. Nf3 a6 3. c3 Nf6 4. e5 Nd5 5. d4 e6 6. c4 Nb6 7. Nc3 cxd4 8. Qxd4 Nc6 9. Qg4 Nb4 10. Bg5 Qc7 11. Rc1 d5 12. exd6 Bxd6 13. c5 Bxc5 14. Bf4 f5 15. Qh4 Qe7 16. Bg5 Qc7 17. a3 Nc6 18. b4 Be7 19. Be2 0-0 20. 0-0 Bxg5 21. Qxg5 Qf7 22. Qe3 Nd5 23. Nxd5 exd5 24. Ng5 Qf6 25. Qd2 Rd8 26. Bf3 Nd4 27. Rc7 f4 28. Rfc1 h6 29. Bxd5+ Rxd5 30. Rxc8+ Rd8 31. Qa2+ Kh8 32. Nf7+ Kh7 33. Nxd8 Rxc8 34. Rxc8 Qe7 35. Qb1+ g6 36. h3 f3 37. gxf3 Nxf3+ 38. Kg2 Nh4+ 39. Kf1 Qd7 40. Qc2 Qxh3+ 41. Ke1 Nf3+ 42. Ke2 Nd4+ 43. Kd2 Nxc2 44. Rxc2 Qd7+ 0-1